000 nam a22 7a 4500
999 _c7522
_d7522
008 170920b xxu||||| |||| 00| 0 eng d
020 _a0716660040
100 _aWorld Book
_94047
245 _aOur World
250 _aVolume 6
260 _aWales
_bWorld Book House
_c1987